000 00427nam a22001697a 4500
003 OSt
005 20210930105040.0
008 210930b |||||||| |||| 00| 0 eng d
020 _a0-12-445560-3
040 _cHawassa university
050 _a581/LEV
_b1
082 _a581/LEV
_b1
100 _aLevitt j.
_98602
245 _aResponses of plants to environmental stresses
260 _aNew york
_c1972
942 _2ddc
_cBOOKS
_n0
999 _c7953
_d7953